000 00266nam a22000977a 4500
999 _c10929
_d10929
008 180409b ||||| |||| 00| 0 eng d
020 _a9789380474410
100 _aKumar, Kartikey
_96738
245 _aComputers in Everyday Life
260 _aNew Delhi
_bCordova Publication